000 00422nam a2200181Ia 4500
008 210210b1952 xxu||||| |||| 00| 0 eng d
041 _aeng
082 _a821/361
100 _aLESLIE (S) Ed
245 _aAnthology of catholic poets
260 _aLondon
_bBurns & oates,
_c1952
650 _apoets
650 _aof
650 _acatholic
650 _aAnthology
690 _aEnglish Literature
906 _a011530
999 _c130207
_d130207